Nonadrenergic innervation of blood vessels / (Record no. 15504)
[ view plain ]
| 000 -LEADER | |
|---|---|
| fixed length control field | 00668pam a2200241 a 4500 |
| 020 ## - INTERNATIONAL STANDARD BOOK NUMBER | |
| ISBN | 0849366801 (set) |
| 020 ## - INTERNATIONAL STANDARD BOOK NUMBER | |
| ISBN | 084936681X (v. 1) |
| 040 ## - CATALOGING SOURCE | |
| Transcribing agency | DLC |
| 082 00 - DEWEY DECIMAL CLASSIFICATION NUMBER | |
| Classification number | 616 CRC 1988 A091 Or. |
| 245 00 - TITLE STATEMENT | |
| Title | Nonadrenergic innervation of blood vessels / |
| 260 ## - PUBLICATION, DISTRIBUTION, ETC. (IMPRINT) | |
| Place of publication | Boca Raton, Fla. : |
| Name of publisher | CRC Press, |
| Year of publication | c1988- |
| 300 ## - PHYSICAL DESCRIPTION | |
| Number of Pages | v. <1 > : |
| Other physical details | ill. ; |
| Dimensions | 27 cm. |
| 650 #0 - SUBJECT ADDED ENTRY--TOPICAL TERM | |
| Topical Term | Blood-vessels |
| 650 #0 - SUBJECT ADDED ENTRY--TOPICAL TERM | |
| Topical Term | Adrenergic mechanisms. |
| 650 #0 - SUBJECT ADDED ENTRY--TOPICAL TERM | |
| Topical Term | Regional blood flow |
| 650 #0 - SUBJECT ADDED ENTRY--TOPICAL TERM | |
| Topical Term | Neurotransmitters |
| 650 #0 - SUBJECT ADDED ENTRY--TOPICAL TERM | |
| Topical Term | Vasomotor system. |
| 650 #2 - SUBJECT ADDED ENTRY--TOPICAL TERM | |
| Topical Term | Blood Vessels |
| 650 #2 - SUBJECT ADDED ENTRY--TOPICAL TERM | |
| Topical Term | Vasomotor System |
| 700 1# - ADDED ENTRY--PERSONAL NAME | |
| Personal name | Burnstock, Geoffrey. |
| 700 1# - ADDED ENTRY--PERSONAL NAME | |
| Personal name | Griffith, Susan G., |
| 942 ## - ADDED ENTRY ELEMENTS (KOHA) | |
| Koha item type | សៀវភៅភាសាអង់គ្លេស |
| 952 ## - LOCATION AND ITEM INFORMATION (KOHA) | |
| Withdrawn status [LOCAL, KOHA] | 0 |
| Permanent Location | Date acquired | Koha item type | Lost status | Shelving location | Barcode | Current Location | Full call number |
|---|---|---|---|---|---|---|---|
| Library Block A | 2017-11-28 | សៀវភៅភាសាអង់គ្លេស | A091 | A06388 | Library Block A | 616 CRC 1988 A091 Or. |